Keynes: cincuenta años después /

Guardado en:
Bibliografiske detaljer
Hovedforfatter: Falconí, Juan
Andre forfattere: León, Patricio, Marconi, Salvador
Format: Texto
Udgivet: Quito: Pontificia, Universidad Católica del Ecuador, Instituto de Investigaciones Económicas
Tags: Tilføj Tag
Ingen Tags, Vær først til at tagge denne postø!

MARC

LEADER 00000 a a2200000 04500
001 24961
003
040
090 |a 176500  
100 |a Falconí, Juan  
245 |a Keynes: cincuenta años después /  |c Juan Falconí 
260 |a Quito:   |b Pontificia,   |c Universidad Católica del Ecuador, Instituto de Investigaciones Económicas  
300 |a 180 p  
300 |b **no definido**   |b fonodiscos  
700 |a León, Patricio  
700 |a Marconi, Salvador  
999 |c 12243  |d 12243